LDR 00722naa#a2200181#i#450# 001 EN\\bibl\20257 005 20260701140406.3 100 ## _a20260630b2026####ek#y0engy0150####ca 102 ## _aRU 200 1# _aMODELING OF THE INFORMATION SYSTEM OF A CHATBOT FOR STUDENTS _eConference article/thesis 210 1# _aVoronezh _cFSBE Institution of Higher Education Voronezh State University of Forestry and Technologies named after G.F. Morozov _d2026 215 ## _a6 с. 608 ## _aConference article/thesis _2local 675 ## _aПрикладные информационные (компьютерные) технологии. 004.9 _z 700 #1 _aPerov _gS. I. 700 #1 _aBukreev _gD. E. 700 #1 _aKoreshkov _gD. S. 856 4# _abibl.vgltu.ru _u